• 首页
  • 本馆介绍
  • 公告通知
  • 最新文献
  • 馆藏检索
  • 电子资源
  • 读者导购
  • 参考咨询
  • 我的图书馆
  • 登录
  • 详细信息显示
  • 放入我的书架
  • 预约/预借图书
  • 作者相关作品
  • 分类相关作品
  • 丛书相关作品
  • 出版社相关作品

书目信息

  • 表格格式
  • 工作单格式
  • 卡片格式
题名:
彩色摄影教程
    
 
作者: 海吉科 著 ;王纯 译
分册:  
出版信息: 杭州   浙江摄影出版社  2001
页数: 208页
开本: 31cm
丛书名: 英国经典摄影教程系列
单 册:
中图分类: TB861
科图分类:
主题词: 彩色摄影--摄影技术--教材 , 摄影技术--各种
电子资源:
ISBN: 7-80536-889-9
000 00729nam0 2200241 45
001 0309280460
005 20031219104119.1
010    @a7-80536-889-9@dCNY86.00
100    @a20030928d2001 km y0chiy0120 ea
101 0  @achi@ceng
105    @af z 000yy
200 1  @a彩色摄影教程@ACai Se She Ying Jiao Cheng@f(英)约翰·海吉科著@F(Ying)Yue Han·Hai Ji Ke Zhu@g王纯译
210    @a杭州@c浙江摄影出版社@d2001
215    @a208页@d31cm
225    @a英国经典摄影教程系列
410    @12001 @a英国经典摄影教程系列
606 0  @a彩色摄影@x摄影技术@x教材
606 0  @a摄影技术@x各种
690    @aTB861@v4
701  0 @a海吉科@4著
702  0 @a王纯@AWang Chun@4译
801    @aCN@bTSTC@c20030928
905    @b326473-477@dTB861@e77@f5
    
    彩色摄影教程/(英)约翰·海吉科著/王纯译.-杭州:浙江摄影出版社,2001
    208页;31cm.-(英国经典摄影教程系列)
    
    
    ISBN 7-80536-889-9:CNY86.00
    
●
相关链接 在E读中查询图书 在五车中查询图书 在当当中查询图书 在豆瓣中查询图书


正题名:彩色摄影教程     索取号:TB861/77         预约/预借

序号 登录号 条形码 馆藏地/架位号 状态 备注
1 0326473   203264733   密集书库/ [索取号:TB861/77] 在馆    
2 0326474   203264742   密集书库/ [索取号:TB861/77] 在馆    
3 0326475   203264751   密集书库/ [索取号:TB861/77] 在馆    
4 0326476   203264760   密集书库/ [索取号:TB861/77] 在馆    
5 0326477   203264779   第二样本阅览室/ [索取号:TB861/77] 在馆    
唐山师范学院图书馆 欢迎您!
大连网信软件有限公司© 版权所有